Nghệ thuật giao tiếp để thành công : 92 thủ thuật giúp bạn trở thành bậc thầy trong giao tiếp
Gồm 92 thủ thuật giúp bạn thành công trong giao tiếp
Đã lưu trong:
| Príomhúdar: | |
|---|---|
| Formáid: | Leabhar |
| Teanga: | Undetermined |
| Foilsithe: |
Hà Nội
Lao động xã hội
2014
|
| Ábhair: | |
| Clibeanna: |
Cuir Clib Leis
Gan Chlibeanna, Bí ar an gcéad duine leis an taifead seo a chlibeáil!
|
| Thư viện lưu trữ: | Trung tâm Học liệu Trường Đại học Cần Thơ |
|---|
| LEADER | 00820nam a2200217Ia 4500 | ||
|---|---|---|---|
| 001 | CTU_196782 | ||
| 008 | 210402s9999 xx 000 0 und d | ||
| 020 | |c 99000 | ||
| 082 | |a 302.2 | ||
| 082 | |b L919 | ||
| 100 | |a Lowndes, Leil | ||
| 245 | 0 | |a Nghệ thuật giao tiếp để thành công : | |
| 245 | 0 | |b 92 thủ thuật giúp bạn trở thành bậc thầy trong giao tiếp | |
| 245 | 0 | |c Leil Lowndes | |
| 260 | |a Hà Nội | ||
| 260 | |b Lao động xã hội | ||
| 260 | |c 2014 | ||
| 520 | |a Gồm 92 thủ thuật giúp bạn thành công trong giao tiếp | ||
| 650 | |a Interpersonal communication,Body language,Giao tiếp giữa các cá nhân,Ngôn ngữ cơ thể | ||
| 904 | |i Nguyên | ||
| 980 | |a Trung tâm Học liệu Trường Đại học Cần Thơ | ||